|
|
|
|
| LEADER |
01685nam a2200421 i 4500 |
| 001 |
EBC6695160 |
| 003 |
MiAaPQ |
| 005 |
20220429102015.0 |
| 006 |
m o d | |
| 007 |
cr cnu|||||||| |
| 008 |
220429s2018 gw o 000 0 eng d |
| 020 |
|
|
|z 9783837644418
|q (print)
|
| 020 |
|
|
|a 9783839444412
|q (electronic bk.)
|
| 035 |
|
|
|a (MiAaPQ)EBC6695160
|
| 035 |
|
|
|a (Au-PeEL)EBL6695160
|
| 035 |
|
|
|a (OCoLC)1048925298
|
| 040 |
|
|
|a MiAaPQ
|b eng
|e rda
|e pn
|c MiAaPQ
|d MiAaPQ
|
| 043 |
|
|
|a e-gx---
|
| 050 |
|
4 |
|a HQ1075
|b .S558 2018
|
| 082 |
0 |
|
|a 305.3
|2 23
|
| 100 |
1 |
|
|a Silva, Adrian de,
|e author.
|
| 245 |
1 |
0 |
|a Negotiating the borders of the gender regime /
|c Adrian de Silva.
|
| 264 |
|
1 |
|a Bielefeld :
|b Transcript Verlag,
|c [2018]
|
| 264 |
|
4 |
|c Ã2018
|
| 300 |
|
|
|a 1 online resource (437 pages).
|
| 336 |
|
|
|a text
|b txt
|2 rdacontent
|
| 337 |
|
|
|a computer
|b c
|2 rdamedia
|
| 338 |
|
|
|a online resource
|b cr
|2 rdacarrier
|
| 490 |
1 |
|
|a Gender Studies
|
| 588 |
|
|
|a Description based on print version record.
|
| 590 |
|
|
|a Electronic reproduction. Ann Arbor, MI : ProQuest, 2018. Available via World Wide Web. Access may be limited to ProQuest affiliated libraries.
|
| 650 |
|
0 |
|a Gender identity
|x Political aspects
|z Germany.
|
| 650 |
|
0 |
|a Gender identity
|z Germany
|x History
|y 20th century.
|
| 655 |
|
4 |
|a Electronic books.
|
| 776 |
0 |
8 |
|i Print version:
|a Silva, Adrian de.
|t Negotiating the borders of the gender regime.
|d Bielefeld : Transcript Verlag, c2018
|h 437 pages
|k Gender Studies
|z 9783837644418
|
| 797 |
2 |
|
|a ProQuest (Firm)
|
| 830 |
|
0 |
|a Gender studies (Rome, Italy)
|
| 856 |
4 |
0 |
|u https://ebookcentral.proquest.com/lib/matrademy/detail.action?docID=6695160
|z Click to View
|